000 01055nam0a22002411 4500
001 rc\1148238
005 20250622200149.0
035 _a(NLR Aleph) 006393944
090 _a5175499
_c5175499
100 _a20041129d1980 |||y0rusy50 ca
101 0 _arus
102 _aRU
105 _ay |||||||||
200 1 _aМетодические рекомендации для школ коммунистического труда монтажных организаций Министерства монтажных и специальных строительных работ БССР по внедрению передовых методов организации труда на 1980-1981 учебный год
_f[Инж. П. Зюлев]
210 _aМинск
_cБ. и.
_d1980
215 _a12 с.
_d19
701 1 _aЗюлев
_bП.
712 0 1 _aБССР
_bМ-во монтажных и специальных строит. работ
801 0 _aRU
_bNLR
_gpsbo
801 1 _aRU
_bELAR
_2rusmarc
852 _aNLR
_j81-4/25058
942 _cBOOK
980 _aNB